2つ以上の駅名に使われている漢字(サドンデス)⑤ - Statistics

General Stats
  • This quiz has been taken 18 times
  • The average score is 10 of 58
Answers on the Grid
Answers color-coded by a green-red scale on the quiz's grid according to % correct below.
廿
 
Answer Stats
Answer % Correct
恋山形駅、恋ヶ窪駅、母恋駅、恋し浜駅
57%
山梨市駅、東山梨駅、小梨駅、梨郷駅
43%
愛宕駅(宮城、千葉)、愛宕橋
36%
汐留駅、汐入駅、汐見橋駅、汐ノ宮駅
36%
倶知安駅、倶利伽羅駅
36%
厨川駅、御厨駅(静岡、長崎)
36%
鯖江駅、北鯖江駅、西鯖江駅、鯖瀬駅、鯖石駅
36%
宍道駅、南宍道駅、宍戸駅、宍喰駅
29%
藍本駅、藍那駅
29%
白糠駅、糠南駅、糠沢駅
29%
喜連瓜破駅、連坊駅、瓜連駅、風連駅
29%
虎ノ門駅、虎ノ門ヒルズ駅、虎姫駅、古虎渓駅、虎杖浜駅
29%
日進駅(愛知県、埼玉県、北海道)
29%
久慈駅、慈眼寺駅
29%
学研奈良登美ヶ丘駅、学研北生駒駅、研究学園駅、久大学研都市駅
29%
杜せきのした駅、公津の杜駅、ゆいの杜中央駅、ゆいの杜東駅、ゆいの杜西駅
29%
荏原町駅、荏原中延駅、越中荏原駅、早雲の里荏原駅
21%
結城駅、東結城駅、結崎駅
21%
紫香楽宮跡駅、飛山城跡駅、川跡駅、野跡駅
21%
都立家政駅、是政駅
21%
廿日市駅、広電廿日市駅、廿日市市役所前駅 廿
21%
厄神駅、門戸厄神駅
21%
漕代駅、阿漕駅
21%
教育大前駅、大阪教育大前駅、あいの里教育大駅、教会前駅
21%
西脇市駅、新西脇駅、脇田駅、脇本駅
21%
筒井駅(奈良、青森)、筒石駅
14%
箸尾駅、箸蔵駅
14%
志度駅、琴電志度駅、多度津駅、多度駅、九度山駅
14%
紙屋町東駅、紙屋町西駅
14%
旦過駅、千旦駅
14%
甘木駅(西鉄、甘木鉄道)、東甘木駅、甘地駅、甘露寺前駅
14%
光洋台駅、洋光台駅、向洋駅、大洋駅、板倉東洋大駅
14%
皆野駅、皆実町二丁目駅、皆実町六丁目駅、皆瀬駅
14%
段駅、九段下駅、下段駅、段山町駅、段原一丁目駅
14%
鼓滝駅、鼓ヶ浦駅
14%
鮎川駅、鮎貝駅、鮎喰駅
7%
呼続駅、呼人駅、呼野駅
7%
種差海岸駅、九品寺交差点駅、神水交差点駅
7%
元町・中華街駅、新地中華街駅、京都精華大前駅、日華化学前駅、法華口駅
7%
韮崎駅、韮山駅、韮川駅
7%
三宮・花時計前駅、目時駅、時庭駅、時又駅
7%
櫛田神社前駅、櫛田駅、櫛原駅、櫛ヶ浜駅
7%
健軍町駅、健軍校前駅、健軍交番前駅
7%
中井侍駅、侍浜駅
7%
滋賀里駅、南滋賀駅、滋野駅
7%
壺川駅、壺阪山駅
7%
儀保駅、高儀駅、田儀駅
7%
法隆寺駅、太秦広隆寺駅
0%
市振駅、産業振興センター駅
0%
袖ヶ浦駅、袖崎駅
0%
鱒沢駅、鱒浦駅、養鱒公園駅
0%
潮見駅、八潮駅、朝潮橋駅、潮来駅、長者ヶ浜潮騒はまなす公園前駅
0%
末続駅、呼続駅
0%
菜畑駅、朝菜町駅、菜園場町駅
0%
衣摺加美北駅、摺沢駅
0%
原爆ドーム前駅、原爆資料館駅
0%
美唄駅、子守唄の里高屋駅
0%
百舌鳥駅、中百舌鳥駅、百舌鳥八幡駅、舌山駅
0%
No matching quizzes found
Score Distribution
Percent of People with Each Score
Percentile by Number Answered
Your Score History
You have not taken this quiz